00869nam a22002657a 45000010005000000030006000050050017000110080041000280200015000690400029000840500014001130820010001271000016001372450031001532600051001843000048002354900025002835050008003085200148003165210029004645210020004936500034005136500027005477000029005745206FISKH20241119093136.0241119b cb ||||| |||| 00| 0 eng d a0471310085 aFISKHbengcFISKHdFISKH aQL799.T38 a591.4 aTaylor, Kim aStructure /cby Kim Taylor aNew York : bJohn Wiley & Sons , Inc. c1992 . a32 pages : bcolor illustrations ;c29 cm . aFlying Start Science aU  aThis is part of a series of eight books that provide the basis of scientific knowledge with clear, detailed explanations of the major concepts.8 a850 bLexile estimate 8 aU bRaz-Plus  aphysical sciencevnon-fiction astructurevnon-fiction aSmith, Guyeillustrator